Subharmonic functions /
Guardado en:
| Autor Principal: | |
|---|---|
| Otros Autores: | |
| Formato: | Libro |
| Idioma: | English |
| Publicado: |
London :
Academic Press,
1976-1989.
|
| Series: | L.M.S. monographs ;
9, 20 |
| Materias: | |
| Etiquetas: |
Agregar Etiqueta
Sin Etiquetas, Sea el primero en etiquetar este registro!
|
| LEADER | 00983cam a2200277 a 4500 | ||
|---|---|---|---|
| 001 | MAT.inmabb003430 | ||
| 008 | 770329m19761989enk######b####001#0#eng## | ||
| 005 | 20160527153448.0 | ||
| 245 | 1 | 0 | |a Subharmonic functions / |c W. K. Hayman and P. B. Kennedy. |
| 260 | |a London : |b Academic Press, |c 1976-1989. | ||
| 300 | |a 2 v. (xvii, 875 p.) ; |c 24 cm. | ||
| 440 | 0 | |a L.M.S. monographs ; |v 9, 20 | |
| 500 | |a El vol. 2 tiene como autor a W. K. Hayman. | ||
| 504 | |a Bibliografía: v. 1, p. 277-281; v. 2, p. [865]-872. | ||
| 510 | 4 | |a MR, |c 57 #665 |3 (v. 1) | |
| 510 | 4 | |a MR, |c 91f:31001 |3 (v. 2) | |
| 020 | |a 0123348013 (v. 1) | ||
| 020 | |a 0123348021 (v. 2) | ||
| 100 | 1 | |a Hayman, W. K. |q (Walter Kurt), |d 1926- | |
| 700 | 1 | |a Kennedy, Patrick Brendan. | |
| 650 | 0 | |a Harmonic functions. | |
| 084 | |a 31-02 (30-02 31A05 31B05) |2 MR | ||
| 010 | |a 76001084 | ||
| 040 | |a DLC |c DLC |d DLC | ||
| 859 | |h 31 |i H422 |p A-6471 |v 1 |3 Vol. 1 |b BIB. MATEMATICA | ||
| 859 | |h 31 |i H422 |p A-6472 |v 2 |3 Vol. 2 |b BIB. MATEMATICA | ||
